| 000 | 00630nam a22002051 4500 | ||
|---|---|---|---|
| 001 | 21393 | ||
| 003 | CZ PrNK | ||
| 005 | 20260228133127.0 | ||
| 008 | 990730s1963 xo slo | ||
| 040 |
_aABA001 _bcze _cABA001 _dABA001 |
||
| 100 | 1 |
_aKukučín, Martin, _d1860-1928 _4aut |
|
| 245 | 1 | 0 |
_aObecné trampoty / _cMartin Kukučín ; ilustr. Ivan Schurmann ; výber zost. Július Noge |
| 250 | _a1. vyd. v Mladých letách | ||
| 260 |
_aBratislava : _bMladé letá, _c1963 |
||
| 300 |
_a168 s. : _bil. ; _c8° |
||
| 490 | 1 | _aŠkolská knižnica | |
| 830 | 0 | _aŠkolská knižnica | |
| 910 | _aABA001 | ||
| 942 |
_2ddc _cKLDO _n0 |
||
| 999 |
_c21393 _d21393 |
||